All TNA / Impact Iron Man Match Participants - Statistics

General Stats
  • This quiz has been taken 85 times
    71 since last reset
  • The average score is 7 of 12
Answer Stats
No. of Matches Last Match Wrestler % Correct
5 2011 AJ Styles
95%
1 2007 Kurt Angle
90%
1 2007 Samoa Joe
81%
2 2005 Christopher Daniels
76%
3 2015 Bobby Roode
71%
1 2015 Austin Aries
57%
1 2017 Lashley
57%
2 2017 Eddie Edwards
40%
1 2020 Jordynne Grace
33%
1 2020 Deonna Purrazzo
29%
1 2015 Davey Richards
26%
1 2011 Douglas Williams
24%
No matching quizzes found
Score Distribution
Percent of People with Each Score
Percentile by Number Answered
Your Score History
You have not taken this quiz since the last reset